000
00279nam a2200109Ia 4500
008
230907s9999||||xx |||||||||||||| ||und||
082
_a
621.312429,KJE
100
_a
Kjeang, Erik.
_9
115124
245
0
_a
Microfluidic fuel cells and batteries /
300
_a
pages cm
942
_c
BK
999
_c
597638
_d
597638